|
|
|
|
| LEADER |
00000nam a2200000 a 4500 |
| 001 |
vtls011823190 |
| 003 |
SK-MaSNL |
| 005 |
20260302092239.0 |
| 008 |
251112s1722 gw 001 0 lat |
| 015 |
|
|
|a SNBHFA1722
|
| 020 |
|
|
|a (viaz.)
|
| 040 |
|
|
|a SNKHF
|b slo
|c SNK
|e AACR2
|
| 041 |
0 |
|
|a lat
|
| 044 |
|
|
|a gw
|c DE
|
| 072 |
|
7 |
|a 27-9
|x Dejiny kresťanskej cirkvi
|2 konspekt
|
| 080 |
|
|
|a 27‑9
|2 2011
|
| 080 |
|
|
|a 348
|2 2011
|
| 080 |
|
|
|a 2‑746
|2 2011
|
| 100 |
1 |
|
|a Lange, Joachim,
|d 1670-1744
|4 aut
|4 aui
|9 363599
|
| 245 |
1 |
0 |
|a Historia Ecclesiastica
|b A Mundo Condito Usque Ad Seculum A Christo Nato Praesens, Seu Decimum Octavum, Deducta, Et Necessariis Imperiorum Ac Rei Litterariae Synchronismis Instructa
|c D. Joachimi Langii, S. Theol. In Reg. Frid. Prof. Ord. Acad. h. t. Prorectoris
|
| 260 |
|
|
|a Halae Magdeburgicae
|b Impensis Orphanotrophei
|c M DCC XXII. [=1722]
|
| 300 |
|
|
|a [6], 1016, [45] strán
|c 8°
|c 17,5 × 11,5 cm
|
| 500 |
|
|
|a Vinety, vlysy, iniciálka s ornamentálno-figurálnym pozadím v rámčeku na 10 riadkov, titulný list červeno-čiernou tlačou, medirytinová ilustrácia pred titulným listom
|
| 504 |
|
|
|a Kustody
|
| 508 |
|
|
|a Predslov autora
|
| 510 |
4 |
|
|a WorldCat 939241800
|
| 546 |
|
|
|a Latinčina
|b Antiqua
|b Kurzíva
|
| 561 |
|
|
|a Z knižnice Učenej spoločnosti malohontskej.
|5 SNKID 100574
|
| 562 |
|
|
|a Rukopisný exlibris: Samuel Kollar.
|5 SNKID 100574
|
| 563 |
|
|
|a Väzba: hladký žilto-biely pergamen.
|5 SNKID 100574
|
| 650 |
0 |
7 |
|a cirkevné dejiny
|2 SNKPH
|9 3909
|
| 650 |
0 |
7 |
|a cirkevné inštitúcie a organizácie
|2 SNKPH
|9 195790
|
| 650 |
0 |
7 |
|a cirkevné právo
|2 SNKPH
|9 978
|
| 700 |
1 |
|
|a Kollár, Samuel,
|d 1769-1830
|4 fmo
|9 37031
|
| 710 |
1 |
|
|a Učená spoločnosť malohontská
|4 fmo
|9 205374
|
| 710 |
1 |
|
|a Waisenhausbuchdruckerei (Halle, Nemecko),
|d 1695-1949
|4 prt
|9 354015
|
| 752 |
|
|
|a Nemecko
|d Halle
|
| 852 |
|
|
|a snk
|b Historické fondy
|p ID 100574
|
| 999 |
|
|
|c 1203921
|d 1205851
|
| 952 |
|
|
|t II. D. b. 12/ MHC 590
|a SNK
|b SNK
|c SNK_HF
|y PREZ
|7 0
|p 17A1131426
|o snkID 100574
|i snk2018/24195
|8 5
|0 0
|1 0
|4 0
|d 2018-11-16
|l 0
|r 2026-02-24 22:50:11
|w 2026-02-24
|